<?xml version="1.0" encoding="UTF-8"?>
<record
    xmlns:xsi="http://www.w3.org/2001/XMLSchema-instance"
    xsi:schemaLocation="http://www.loc.gov/MARC21/slim http://www.loc.gov/standards/marcxml/schema/MARC21slim.xsd"
    xmlns="http://www.loc.gov/MARC21/slim">

  <leader>03244    a2200361   4500</leader>
  <controlfield tag="003">Nust</controlfield>
  <controlfield tag="005">20170207154052.0</controlfield>
  <datafield tag="020" ind1=" " ind2=" ">
    <subfield code="a">978-0-470-47374-0</subfield>
  </datafield>
  <datafield tag="020" ind1=" " ind2=" ">
    <subfield code="a">978-0-470-47374-0</subfield>
  </datafield>
  <datafield tag="035" ind1=" " ind2=" ">
    <subfield code="a">(AU-PeEL)EBL427871</subfield>
  </datafield>
  <datafield tag="035" ind1=" " ind2=" ">
    <subfield code="a">(OCoLC)476271196</subfield>
  </datafield>
  <datafield tag="040" ind1=" " ind2=" ">
    <subfield code="c">Nust</subfield>
  </datafield>
  <datafield tag="082" ind1="0" ind2="0">
    <subfield code="a">332.6</subfield>
    <subfield code="a">332.60973</subfield>
  </datafield>
  <datafield tag="100" ind1="1" ind2=" ">
    <subfield code="a">Matthew Tuttle</subfield>
  </datafield>
  <datafield tag="245" ind1="1" ind2="0">
    <subfield code="a">How Harvard and Yale Beat the Market : What Individual Investors Can Learn From the Investment Strategies of the Most Successful University Endowments.(E-Book)</subfield>
    <subfield code="h">[Elektronisk resurs] :</subfield>
    <subfield code="c">Matthew Tuttle</subfield>
  </datafield>
  <datafield tag="260" ind1=" " ind2=" ">
    <subfield code="a">Hoboken :</subfield>
    <subfield code="b">John Wiley &amp; Sons, Inc.,</subfield>
    <subfield code="c">2009.</subfield>
  </datafield>
  <datafield tag="300" ind1=" " ind2=" ">
    <subfield code="a">1 online resource (291 p.)</subfield>
  </datafield>
  <datafield tag="500" ind1=" " ind2=" ">
    <subfield code="a">Description based upon print version of record.</subfield>
  </datafield>
  <datafield tag="505" ind1="0" ind2=" ">
    <subfield code="a">Chapter 20: Putting It All TogetherChapter 21: Putting It in Writing; Final Thoughts; Appendix; About the Author; Index;</subfield>
  </datafield>
  <datafield tag="505" ind1="0" ind2=" ">
    <subfield code="a">Chapter 7: Mutual Funds, Separately Managed Accounts, Exchange-Traded Funds, and Exchange-Traded NotesChapter 8: Structured Products; Chapter 9: Hedge Funds and Funds of Funds; Part III: ENDOWMENT ASSET CLASSES AND INVESTING STRATEGIES; Chapter 10: Absolute Return; Chapter 11: Stocks; Chapter 12: Bonds; Chapter 13: Real Assets and Commodities; Chapter 14: Managed Futures; Chapter 15: Private Equity; Chapter 16: Managing Some of Your Money In-House; Chapter 17: Portable Alpha; Part IV: DESIGNING YOUR PORTFOLIO; Chapter 18: Suggested Allocations; Chapter 19: Choosing and Managing Money Managers</subfield>
  </datafield>
  <datafield tag="505" ind1="0" ind2=" ">
    <subfield code="a">How Harvard and Yale Beat the Market: What Individual Investors Can Learn from University Endowments to Help them Prosper in an Uncertain Market; Contents; Acknowledgments; Introduction; Part I: INVESTMENT 101; Chapter 1: The Current Environment and the Need for New Thinking; Chapter 2: Common Investment Mistakes; Chapter 3: Diversification; Chapter 4: Skill-Based Money Managers versus Style Box-Based Money Managers; Chapter 5: Introduction to the Endowment Philosophy; Chapter 6: Why Large Endowments Outperform the Market and How You Can, Too!; Part II: INVESTMENT VEHICLES</subfield>
  </datafield>
  <datafield tag="520" ind1=" " ind2=" ">
    <subfield code="a"> Praise for How Harvard and Yale Beat the Market  "How Harvard and Yale Beat the Market is a must-read for anyone managing his own or other people's money. It demystifies new investments such as hedge funds and principal-protected products. This engaging handbook belongs in every investor's library."-Deborah Weir, Parker Global Strategies, author of Timing the Market: How to Profit in the Stock Market Using the Yield Curve, Technical Analysis, and Cultural Indicators In today's volatile market, investors are looking for new ways to lower their risk profile. For author Matthew Tuttle, the best </subfield>
  </datafield>
  <datafield tag="650" ind1=" " ind2="4">
    <subfield code="a">Harvard University -- Endowments.</subfield>
  </datafield>
  <datafield tag="650" ind1=" " ind2="4">
    <subfield code="a">Institutional investments -- United States.</subfield>
  </datafield>
  <datafield tag="650" ind1=" " ind2="4">
    <subfield code="a">Institutional investments.</subfield>
  </datafield>
  <datafield tag="650" ind1=" " ind2="4">
    <subfield code="a">Investments -- United States.</subfield>
  </datafield>
  <datafield tag="650" ind1=" " ind2="4">
    <subfield code="a">Investments.</subfield>
  </datafield>
  <datafield tag="650" ind1=" " ind2="4">
    <subfield code="a">Portfolio management -- United States.</subfield>
  </datafield>
  <datafield tag="650" ind1=" " ind2="4">
    <subfield code="a">Portfolio management.</subfield>
  </datafield>
  <datafield tag="650" ind1=" " ind2="4">
    <subfield code="a">Yale University -- Endowments.</subfield>
  </datafield>
  <datafield tag="651" ind1=" " ind2=" ">
    <subfield code="a">How Harvard and Yale Beat the Market : What Individual Investors Can Learn From the Investment Strategies of the Most Successful University Endowments.(E-Book)</subfield>
  </datafield>
  <datafield tag="655" ind1=" " ind2="0">
    <subfield code="a">Electronic books.</subfield>
  </datafield>
  <datafield tag="942" ind1=" " ind2=" ">
    <subfield code="2">ddc</subfield>
    <subfield code="c">BK</subfield>
  </datafield>
  <datafield tag="999" ind1=" " ind2=" ">
    <subfield code="c">193174</subfield>
    <subfield code="d">193174</subfield>
  </datafield>
  <datafield tag="952" ind1=" " ind2=" ">
    <subfield code="0">0</subfield>
    <subfield code="1">0</subfield>
    <subfield code="2">ddc</subfield>
    <subfield code="4">0</subfield>
    <subfield code="7">0</subfield>
    <subfield code="8">NFIC</subfield>
    <subfield code="a">MCS</subfield>
    <subfield code="b">MCS</subfield>
    <subfield code="d">2016-12-12</subfield>
    <subfield code="l">0</subfield>
    <subfield code="o">332.60973  TUT</subfield>
    <subfield code="p">MCSEB-2886</subfield>
    <subfield code="r">2016-12-08</subfield>
    <subfield code="w">2016-12-12</subfield>
    <subfield code="y">BK</subfield>
  </datafield>
</record>
